[Event "Ch City"]
[Site "masterchessopen.com - Saratov (Russia)"]
[Date "2009.03.06"]
[Round "8"]
[White "Popov Roman (RUS)"]
[Black "Sudnik Pavel (RUS)"]
[Result "1-0"]
[WhiteElo "2362"]
[BlackElo "2111"]

1.Nf3 g6 2.c4 Bg7 3.d4 f5 4.Nc3 Nf6 5.g3 O-O 6.Bg2 d6 7.O-O Nc6 8.d5 Ne5
9.Nxe5 dxe5 10.Qb3 Nd7 11.Be3 f4 12.Bd2 Nc5 13.Qa3 b6 14.b4 Nb7 15.Qb3 a5
16.a3 axb4 17.axb4 Rxa1 18.Rxa1 Nd6 19.e4 f3 20.Bf1 Bd7 21.c5 bxc5 22.bxc5 Ne8
23.c6 Be6 24.dxe6 Qxd2 25.Rd1 Qg5 26.Nd5 Kh8 27.Qb4 Qg4 28.Qxe7 Qxe4 29.Nxc7
Qxc6 30.Rd7 Rg8 31.Nxe8 Qc1 32.Nf6 {#r} 1-0

[Event "It (open) \"]
[Site "masterchessopen.com - Greece"]
[Date "2009.04.22"]
[Round "2"]
[White "Argiroudis Stamatis (GRE)"]
[Black "Katsifarakis Nikolaos (GRE)"]
[Result "1-0"]
[WhiteElo "2265"]
[BlackElo "1882"]

1.d4 d6 2.Nf3 g6 3.c4 f5 4.g3 Bg7 5.Bg2 Nf6 6.O-O O-O 7.Nc3 Nc6 8.d5 Ne5
9.Nxe5 dxe5 10.e4 e6 11.Re1 exd5 12.cxd5 fxe4 13.Nxe4 Nxd5 14.Bg5 Qd7 15.Nc5
Qf5 16.Qxd5+ Kh8 17.Qd2 Rb8 18.Rac1 b6 19.Ne4 Qf7 20.Bh6 Bg4 21.Bxg7+ Kxg7
22.Qc3 c5 23.Qxe5+ Kg8 24.f4 Rbe8 25.Qg5 Bd7 26.Nd6 Rxe1+ 27.Rxe1 Qg7 28.Bd5+
Kh8 29.Qe5 {#r} 1-0

[Event "It \"]
[Site "masterchessopen.com - Alushta (Ukraine)"]
[Round "6"]
[White "Obukhov Alexander (RUS)"]
[Black "Khader Sami (JOR)"]
[Result "0-1"]
[WhiteElo "2392"]
[BlackElo "2443"]

1.d4 f5 2.c4 Nf6 3.Nc3 d6 4.Nf3 g6 5.g3 Bg7 6.Bg2 O-O 7.O-O Nc6 8.d5 Na5 9.Nd2
c5 10.dxc6 bxc6 11.Qc2 Rb8 12.b3 e5 13.Bb2 e4 14.e3 Ng4 15.h3 Ne5 16.Ne2 Be6
17.Nf4 Bf7 18.Bc3 Nb7 19.b4 Qe7 20.Rfd1 g5 21.Ne2 Bh5 22.Kf1 Rbe8 23.Rab1 Nd3
24.Bxg7 Qxg7 25.b5 f4 26.bxc6 Nbc5 27.Nxe4 Nxf2 28.Kxf2 f3 29.N2c3 fxg2+
30.Kg1 Nxe4 31.Nxe4 Bg6 {#R} 0-1

[Event "It (open)"]
[Site "masterchessopen.com - Natal (Brazil)"]
[Round "4"]
[White "Silva Evandro (BRA)"]
[Black "Pinto Carlos Henrique Lopes (BRA)"]
[Result "1-0"]
[WhiteElo "2177"]
[BlackElo "2071"]

1.d4 f5 2.g3 Nf6 3.Bg2 g6 4.c4 Bg7 5.Nc3 d6 6.Nf3 O-O 7.O-O Nc6 8.d5 Ne5
9.Nxe5 dxe5 10.e4 f4 11.gxf4 exf4 12.e5 Ng4 13.e6 Ne5 14.Re1 Nxc4 15.Re4 Nb6
16.Bxf4 Rf5 17.Rc1 Bxc3 18.bxc3 Rxd5 19.Qe2 c6 20.c4 Rf5 21.Rd1 Qf8 22.Bc7 Qf6
23.Re5 Rf4 24.Rc5 Rd4 25.Re1 Qh4 26.Bg3 Qh6 27.Be5 Rd2 28.Qf3 Qf8 29.Qe3 Rxa2
30.Bd4 Rc2 31.Bf1 Na4 32.Rg5 {#r} 1-0

[Event "It (cat.13)"]
[Site "masterchessopen.com - Prievidza (Slovakia)"]
[Date "2009.05.12"]
[Round "10"]
[White "Babula Vlastimil (CZE)"]
[Black "Bartel Mateusz (POL)"]
[Result "0-1"]
[WhiteElo "2566"]
[BlackElo "2619"]

1.d4 f5 2.g3 Nf6 3.Bg2 g6 4.Nf3 Bg7 5.O-O O-O 6.c4 d6 7.Nc3 Nc6 8.d5 Na5 9.Qd3
e5 10.dxe6 Bxe6 11.b3 Nc6 12.Rb1 h6 13.Ba3 Qe8 14.e3 Qf7 15.Nd4 Nxd4 16.exd4
f4 17.Bxb7 Rab8 18.Qf3 Nh7 19.Bd5 Bxd4 20.Qe4 Bxd5 21.Qxd4 Bc6 22.h4 Qf5
23.Bb2 Nf6 24.Rbe1 Qh3 {#R} 0-1

[Event "Tournament (Elo)"]
[Site "masterchessopen.com - Stockholm (Sweden)"]
[Date "2009.05.23"]
[Round "7"]
[White "Collett Peter (SWE)"]
[Black "Logdahl Harald (SWE)"]
[Result "1-0"]
[WhiteElo "2192"]
[BlackElo "2284"]

1.d4 f5 2.c4 Nf6 3.g3 g6 4.Bg2 Bg7 5.Nf3 O-O 6.O-O d6 7.Nc3 Nc6 8.d5 Ne5
9.Nxe5 dxe5 10.b4 h6 11.Qb3 g5 12.c5 Kh8 13.Bb2 Qe8 14.Rad1 e4 15.Nb1 Bd7
16.Nc3 Qh5 17.f3 e3 18.Qc4 f4 19.Ne4 Qf7 20.gxf4 gxf4 21.c6 bxc6 22.Nc5 Qg6
23.Kh1 cxd5 24.Qxf4 Ne4 25.Bxg7+ Qxg7 26.Qxe3 Rg8 27.Rg1 Qg5 28.f4 Qg3 {#r}
1-0

[Event "It (open)"]
[Site "masterchessopen.com - Erbendorf (Germany)"]
[Date "2009.06.12"]
[Round "4"]
[White "Lang Martin (GER)"]
[Black "Kanewski Josef (GER)"]
[Result "1-0"]
[WhiteElo "1955"]
[BlackElo "1915"]

1.d4 f5 2.c4 Nf6 3.Nc3 g6 4.Nf3 Bg7 5.g3 d6 6.Bg2 O-O 7.O-O Nc6 8.d5 Na5 9.Qd3
c5 10.Bg5 a6 11.Rae1 Rb8 12.Nd2 b5 13.b3 bxc4 14.bxc4 h6 15.Bxf6 Bxf6 16.f4
Bd7 17.e4 Bd4+ 18.Kh1 Rb4 19.e5 Qb6 20.g4 Kh7 21.gxf5 Bxf5 22.Be4 dxe5 23.fxe5
Bxc3 24.Qxc3 e6 25.Bxf5 gxf5 26.Rg1 Qd8 27.a3 Rb8 28.Qd3 Qd7 29.Re3 Rg8
30.Reg3 Rbd8 31.Qe3 Nxc4 32.Qxh6+ {#r} 1-0

[Event "It (open)"]
[Site "masterchessopen.com - Erbendorf (Germany)"]
[Date "2009.06.14"]
[Round "7"]
[White "Menacher Manfred (GER)"]
[Black "Kanewski Josef (GER)"]
[Result "1-0"]
[WhiteElo "2274"]
[BlackElo "1915"]

1.Nf3 f5 2.d4 Nf6 3.g3 g6 4.Bg2 Bg7 5.c4 d6 6.O-O O-O 7.Nc3 Nc6 8.d5 Na5 9.Qa4
c5 10.dxc6 Nxc6 11.Rd1 Bd7 12.c5 dxc5 13.Qc4+ Kh8 14.Qxc5 Qe8 15.Ne5 Nxe5
16.Qxe5 Ne4 17.Qc7 Bc6 18.Nxe4 fxe4 19.Rb1 Qf7 20.Be3 Qxa2 21.Qxe7 Rae8 22.Qa3
Qxa3 23.bxa3 Rf5 24.Bh3 Rb5 25.Bxa7 Ra5 26.Be3 Rxa3 27.Bd7 Rea8 28.Bxc6 bxc6
29.Kg2 Ra1 30.Rxa1 Bxa1 31.Rxa1 {#r} 1-0

[Event "It (open) (b)"]
[Site "masterchessopen.com - Voronezh (Russia)"]
[Date "2009.06.15"]
[Round "4"]
[White "Koshelev Alexey (RUS)"]
[Black "Polyansky Viktor (RUS)"]
[Result "0-1"]
[WhiteElo "1789"]
[BlackElo "2027"]

1.d4 f5 2.c4 Nf6 3.Nc3 d6 4.Nf3 g6 5.g3 Bg7 6.Bg2 O-O 7.O-O Nc6 8.Be3 Ng4
9.Bf4 e5 10.Bg5 Qe8 11.dxe5 Ngxe5 12.Nxe5 dxe5 13.Bd5+ Kh8 14.Qb3 Nd4 15.Qd1
f4 16.e3 c6 17.Be4 Ne6 18.gxf4 exf4 19.exf4 Nxg5 20.fxg5 Bxc3 21.Qc2 Bd4
22.Rad1 Qe5 23.h4 Qg3+ 24.Bg2 Bh3 25.Qe4 Bxf2+ 26.Kh1 Bxg2+ 27.Qxg2 Qxh4+
28.Qh2 Qxh2+ 29.Kxh2 {#R} 0-1

[Event "Ch Cyprus"]
[Site "masterchessopen.com - Lefkosia (Cyprus)"]
[Date "2009.07.11"]
[Round "2"]
[White "Constantinides Costas"]
[Black "Papatryfonos Constantinos (CYP)"]
[Result "0-1"]
[WhiteElo "1835"]
[BlackElo "2107"]

1.c4 f5 2.Nc3 Nf6 3.g3 g6 4.Bg2 Bg7 5.Nf3 O-O 6.d4 d6 7.O-O Nc6 8.Re1 e5
9.dxe5 dxe5 10.Qxd8 Rxd8 11.Bg5 e4 12.Nd2 Be6 13.Nb5 Rd7 14.Bf4 Ne8 15.Rab1
Rad8 16.Bg5 Rxd2 17.Bxd8 Rxd8 18.b3 a6 19.Na3 Rd2 20.e3 Rxa2 21.Nb5 axb5
22.cxb5 Ne5 23.Red1 Ra5 24.Bf1 Ra3 25.b4 Kf7 26.Kg2 Ra2 27.h3 Ke7 28.Ra1 Rb2
{#R} 0-1

[Event "It (open)"]
[Site "masterchessopen.com - St. Veit (Austria)"]
[Date "2009.07.14"]
[Round "4"]
[White "Wilfling Hermann (AUT)"]
[Black "Matt Stefan (AUT)"]
[Result "0-1"]
[WhiteElo "2168"]
[BlackElo "2043"]

1.d4 f5 2.c4 Nf6 3.Nf3 d6 4.g3 g6 5.Bg2 Bg7 6.O-O O-O 7.Nc3 Nc6 8.d5 Ne5
9.Nxe5 dxe5 10.Qb3 e6 11.Rd1 Qe7 12.Bd2 a5 13.Rac1 e4 14.Be1 Kh8 15.Nb5 Ne8
16.Bc3 Qc5 17.Bxg7+ Kxg7 18.Qc3+ Kg8 19.Qd4 Qxd4 20.Rxd4 Ra6 21.e3 exd5
22.cxd5 c6 23.dxc6 bxc6 24.Nd6 c5 25.Nxe8 cxd4 26.Rxc8 Kf7 27.exd4 Rxe8 28.Rc5
Rd8 29.d5 {#R} 0-1

[Event "It (cat.6)"]
[Site "masterchessopen.com - Moscow (Russia)"]
[Date "2009.07.20"]
[Round "7"]
[White "Volkov Sergey Viktorovich (RUS)"]
[Black "Glotov Mikhail (RUS)"]
[Result "0-1"]
[WhiteElo "2607"]
[BlackElo "2363"]

1.c4 g6 2.d4 f5 3.g3 Bg7 4.Bg2 Nf6 5.Nf3 O-O 6.O-O d6 7.Nc3 Nc6 8.d5 Na5 9.Qa4
c5 10.dxc6 Nxc6 11.Rd1 Kh8 12.c5 d5 13.Bf4 Be6 14.Nd4 Bd7 15.Nxd5 Nxd5 16.Bxd5
Nxd4 17.c6 bxc6 {#R} 0-1

[Event "It (cat.8)"]
[Site "masterchessopen.com - Budapest (Hungary)"]
[Date "2009.08.03"]
[Round "3"]
[White "Rapport Richard (HUN)"]
[Black "Seres Lajos (HUN)"]
[Result "1-0"]
[WhiteElo "2401"]
[BlackElo "2456"]

1.Nf3 f5 2.g3 Nf6 3.Bg2 g6 4.O-O Bg7 5.c4 O-O 6.d4 d6 7.Nc3 Nc6 8.d5 Na5 9.b3
Ne4 10.Nxe4 Bxa1 11.Neg5 c5 12.e4 fxe4 13.Nh4 Bf6 14.Bxe4 Bxg5 15.Bxg5 Rf6
16.Re1 Qf8 17.Bxf6 Qxf6 18.Bf3 a6 19.Qe2 Kf8 20.Bg4 Bxg4 21.Qxg4 b5 22.Re6
Qa1+ 23.Kg2 bxc4 24.Qf4+ Kg8 25.Nxg6 {#r} 1-0

[Event "It (open)"]
[Site "masterchessopen.com - Latschach (Austria)"]
[Date "2009.08.11"]
[Round "5"]
[White "Sulypa Alexandre (UKR)"]
[Black "Reiter Franz (AUT)"]
[Result "1-0"]
[WhiteElo "2485"]
[BlackElo "2063"]

1.d4 f5 2.g3 Nf6 3.Bg2 g6 4.Nf3 Bg7 5.c4 d6 6.Nc3 O-O 7.O-O Nc6 8.d5 Ne5
9.Nxe5 dxe5 10.Qb3 Kh8 11.c5 h6 12.Qc4 g5 13.b3 a6 14.Ba3 Qe8 15.Rad1 Qg6
16.d6 exd6 17.cxd6 cxd6 18.Rxd6 e4 19.Nd5 Qf7 20.Nb6 Qxc4 21.bxc4 Rb8 22.Rd2
Re8 23.Bd6 {#r} 1-0

[Event "Ch Serbia (team)"]
[Site "masterchessopen.com - Kragujevac (Serbia)"]
[Date "2009.09.03"]
[Round "3"]
[White "Tadic Branko (SRB)"]
[Black "Popov Sinisa S (SRB)"]
[Result "0-1"]
[WhiteElo "2524"]
[BlackElo "2455"]

1.Nf3 g6 2.d4 Bg7 3.c4 f5 4.g3 Nf6 5.Bg2 d6 6.O-O O-O 7.Nc3 Nc6 8.d5 Na5 9.Qa4
c5 10.dxc6 Nxc6 11.Rd1 Ne4 12.Nxe4 fxe4 13.Ng5 Nd4 14.Re1 b5 15.Qd1 Bf5
16.Nxe4 bxc4 17.Be3 e5 18.Bg5 Qd7 19.e3 Bg4 20.exd4 Bxd1 21.Raxd1 exd4 22.Nf6+
Bxf6 23.Bxf6 Rxf6 24.Bxa8 Qf5 25.Rd2 d3 26.Re4 Qa5 27.Rd1 Qc5 28.Re3 d5 29.b3
Rf8 {#R} 0-1

[Event "Ch Poland (team) (1 liga)"]
[Site "masterchessopen.com - Ustron (Poland)"]
[Date "2009.09.14"]
[Round "3"]
[White "Cajbel Maciej (POL)"]
[Black "Jakubowski Krzysztof (POL)"]
[Result "0-1"]
[WhiteElo "2225"]
[BlackElo "2507"]

1.d4 f5 2.g3 Nf6 3.Bg2 d6 4.Nf3 g6 5.O-O Bg7 6.c4 O-O 7.Nc3 Nc6 8.b3 Ne4 9.Bb2
Nxc3 10.Bxc3 Qe8 11.Rc1 e5 12.d5 Nd8 13.e4 f4 14.Bd2 b6 15.b4 Nf7 16.gxf4 Bg4
17.Qb3 exf4 18.Rfe1 Bxf3 19.Bxf3 Ne5 20.c5 g5 21.cxd6 cxd6 22.Kh1 g4 23.Bd1
Qh5 24.Rg1 Rf6 25.Rc7 Kh8 26.Qc3 Rg8 27.Rc8 Bf8 28.Qc7 Qh4 29.Qd8 g3 30.Rg2
gxf2 31.Rxg8+ Kxg8 32.Be2 f3 {#R} 0-1

[Event "NRW-liga 2009/10"]
[Site "masterchessopen.com - Germany"]
[Date "2009.09.20"]
[Round "1"]
[White "Essing Arnold (GER)"]
[Black "Werbeck Torsten (GER)"]
[Result "1-0"]
[WhiteElo "2250"]
[BlackElo "2156"]

1.d4 d6 2.Nf3 g6 3.c4 f5 4.Nc3 Nf6 5.g3 Bg7 6.Bg2 O-O 7.O-O Nc6 8.d5 Ne5 9.Qb3
Nfd7 10.Be3 b6 11.Nb5 Nxf3+ 12.exf3 a6 13.Nd4 Nc5 14.Qc2 e5 15.dxe6 Nxe6 16.f4
Nxd4 17.Bxd4 Rb8 18.Bd5+ Kh8 19.Bxg7+ Kxg7 20.Rfe1 Qf6 21.Qe2 b5 22.Qe7+ Qxe7
23.Rxe7+ Kf6 24.Rxc7 bxc4 25.Re1 g5 26.fxg5+ Kxg5 27.f4+ Kg6 28.Ree7 Rh8
29.Rg7+ Kh6 30.Rg5 Rxb2 31.Rf7 {#r} 1-0

[Event "Ch Schleswig Holstein (seniors)"]
[Site "masterchessopen.com - Eckernfoerde (Germany)"]
[Date "2009.09.27"]
[Round "2"]
[White "Reinhold Klaus Dr (GER)"]
[Black "Jauch Dieter (GER)"]
[Result "1-0"]
[WhiteElo "2102"]
[BlackElo "1936"]

1.d4 f5 2.g3 Nf6 3.Bg2 g6 4.c4 d6 5.Nc3 Bg7 6.Nf3 O-O 7.O-O Nc6 8.d5 Na5 9.Qd3
c5 10.Rb1 Ne4 11.Bd2 b6 12.b3 a6 13.Ng5 Nxg5 14.Bxg5 h6 15.Bd2 Qe8 16.Rbe1 g5
17.f4 Qg6 18.Na4 Rb8 19.Nxb6 Rxb6 20.Bxa5 Rb7 21.Bc3 Ra7 22.e4 gxf4 23.Rxf4 e5
24.dxe6 Bxe6 25.Bxg7 Qxg7 26.exf5 {#r} 1-0

[Event "It (open)"]
[Site "masterchessopen.com - Bad Wiessee (Germany)"]
[Date "2009.11.03"]
[Round "5"]
[White "Wenner Tobias (GER)"]
[Black "Pirrot Dieter (GER)"]
[Result "1-0"]
[WhiteElo "2181"]
[BlackElo "2421"]

1.Nf3 d6 2.d4 f5 3.g3 Nf6 4.Bg2 g6 5.O-O Bg7 6.c4 O-O 7.Nc3 Nc6 8.d5 Na5 9.Qa4
c5 10.dxc6 Nxc6 11.Rd1 Kh8 12.c5 d5 13.Bg5 Be6 14.Ne1 Ne4 15.Nxe4 fxe4 16.Bxe4
Qe8 17.Bg2 Bg8 18.Nd3 Qf7 19.Qf4 Qxf4 20.Nxf4 Bxb2 21.Rab1 Ba3 22.Rxb7 e6
23.Bh6 Rf7 24.Rdb1 Bxc5 25.Rxf7 Bxf7 26.Rc1 Nd4 27.Rxc5 Nf5 28.Bg5 h6 29.Bf6+
{#r} 1-0

[Event "Ch Asia (team) (active) (prelim)"]
[Site "masterchessopen.com - Ha Long City (Vietnam)"]
[Date "2009.11.05"]
[Round "1"]
[White "Shen Yang (CHN)"]
[Black "Safar Reem (QAT)"]
[Result "1-0"]
[WhiteElo "2453"]
[BlackElo "1705"]

1.d4 f5 2.g3 Nf6 3.Bg2 g6 4.Nf3 Bg7 5.O-O O-O 6.c4 d6 7.Nc3 Nc6 8.d5 Ne5
9.Nxe5 dxe5 10.Qb3 Kh8 11.c5 a6 12.Rd1 e4 13.Bf4 h6 14.Be5 g5 15.Rac1 Nh5
16.Bxg7+ Nxg7 17.Qb4 Qe8 18.d6 Ne6 19.Nd5 exd6 20.cxd6 c6 21.Qc3+ Kh7 22.Nf6+
Rxf6 23.Qxf6 Ng7 24.Rc5 Qh5 25.d7 {#r} 1-0

[Event "Ch World (juniors) (under 16)"]
[Site "masterchessopen.com - Kemer (Turkey)"]
[Date "2009.11.20"]
[Round "9"]
[White "Vakhidov Jahongir (UZB)"]
[Black "Alvarez Navarro Martin (MEX)"]
[Result "1-0"]
[WhiteElo "2237"]
[BlackElo "2081"]

1.c4 f5 2.d4 g6 3.g3 Nf6 4.Bg2 Bg7 5.Nc3 d6 6.Nf3 O-O 7.O-O Nc6 8.d5 Na5 9.Nd2
c5 10.Rb1 e5 11.dxe6 Bxe6 12.Nd5 Nc6 13.b3 Rc8 14.Bb2 b6 15.Rc1 Nxd5 16.Bxg7
Ne3 17.fxe3 Kxg7 18.Nb1 Ne5 19.Nc3 Qg5 20.Qd2 Ng4 21.Rf4 Rcd8 22.Rcf1 Qh6
23.h3 g5 24.hxg4 gxf4 25.exf4 fxg4 26.e4 Rd7 {#r} 1-0

[Event "Czech League 2009/10 (2nd) (b)"]
[Site "masterchessopen.com - Czech Republic"]
[Date "2009.11.22"]
[Round "3"]
[White "Tichy Stepan (CZE)"]
[Black "Reitinger Petr (CZE)"]
[Result "1-0"]
[WhiteElo "2037"]
[BlackElo "2114"]

1.Nf3 f5 2.d4 Nf6 3.c4 g6 4.g3 Bg7 5.Bg2 O-O 6.O-O d6 7.Nc3 Nc6 8.d5 Ne5 9.Qb3
Nfd7 10.Be3 b6 11.Nb5 Nc5 12.Qc2 a5 13.Nbd4 Bd7 14.h3 Rc8 15.Ng5 h6 16.Nge6
Bxe6 17.dxe6 Na6 18.a3 c5 19.Nb5 Nc6 20.Rad1 g5 21.f4 gxf4 22.Rxf4 Nab8
23.Rdf1 Ne5 24.Bb7 Nbc6 25.Rxf5 Rxf5 26.Qxf5 Nxc4 27.Qf7+ Kh8 28.Bxh6 {#r} 1-0

[Event "Ch Belgium (team) 2009/10"]
[Site "masterchessopen.com - Belgium"]
[Date "2009.11.29"]
[Round "5"]
[White "Van Der Stricht Geert (BEL)"]
[Black "De Gueldre Philippe (BEL)"]
[Result "1-0"]
[WhiteElo "2390"]
[BlackElo "2161"]

1.d4 f5 2.g3 Nf6 3.Bg2 g6 4.Nf3 Bg7 5.c4 O-O 6.O-O d6 7.Nc3 Nc6 8.d5 Na5 9.Qd3
e5 10.dxe6 Bxe6 11.Nd5 c6 12.Ng5 Bc8 13.Nxf6+ Bxf6 14.h4 h6 15.Nf3 Be6 16.Bxh6
Bxc4 17.Qc2 Re8 18.Rfe1 Bd5 19.Rac1 Nc4 20.h5 Nxb2 21.hxg6 Be4 22.Qb3+ d5
23.Qxb7 Qe7 24.Qxe7 Bxe7 25.Rxc6 d4 26.Nxd4 {#r} 1-0

[Event "It (open)"]
[Site "masterchessopen.com - Montpellier (France)"]
[Round "4"]
[White "Marciano Joseph"]
[Black "Mania Clement (FRA)"]
[Result "0-1"]
[WhiteElo "1790"]
[BlackElo "2020"]

1.d4 f5 2.c4 Nf6 3.Nc3 d6 4.g3 g6 5.Bg2 Bg7 6.Nf3 O-O 7.O-O Nc6 8.Rb1 e5
9.dxe5 dxe5 10.Bg5 e4 11.Ne1 Be6 12.Nd5 Bxd5 13.cxd5 Qxd5 14.Bxf6 Qxd1 15.Rxd1
Bxf6 16.Nc2 Rad8 17.f3 exf3 18.exf3 Bxb2 19.Rb1 Bf6 20.Rxb7 Rd2 21.Rc1 Nd4
22.Nxd4 Bxd4+ 23.Kf1 Rf2+ {#R} 0-1

[Event "Ch Slovakia (team) 2009/10 (1 liga) West"]
[Site "masterchessopen.com - Slovakia"]
[Date "2009.12.13"]
[Round "5"]
[White "Certek Pavel (SVK)"]
[Black "Polacik Igor (SVK)"]
[Result "1-0"]
[WhiteElo "2244"]
[BlackElo "2186"]

1.d4 f5 2.Nf3 Nf6 3.g3 g6 4.Bg2 Bg7 5.c4 d6 6.Nc3 O-O 7.O-O Nc6 8.d5 Na5 9.Nd2
c5 10.Rb1 Bd7 11.b3 a6 12.Bb2 b5 13.e3 bxc4 14.bxc4 Rb8 15.Ba1 Qc7 16.Qc2 e5
17.Rxb8 Rxb8 18.Rb1 e4 19.Ne2 Ng4 20.Rxb8+ {#r} 1-0

[Event "Tournament (open) (a)"]
[Site "masterchessopen.com - Natal (Brazil)"]
[Round "7"]
[White "Azevedo Alcides Alexandre (BRA)"]
[Black "Pinto Carlos Henrique Lopes (BRA)"]
[Result "1-0"]
[WhiteElo "2048"]
[BlackElo "2099"]

1.c4 f5 2.d4 Nf6 3.Nc3 g6 4.g3 Bg7 5.Bg2 O-O 6.Nf3 d6 7.O-O Nc6 8.d5 Ne5 9.Qb3
Ned7 10.Nd4 Nc5 11.Qc2 Ng4 12.Rd1 Kh8 13.h3 Ne5 14.b4 Na6 15.Qb3 Qe8 16.Be3
Bd7 17.Ne6 Bxe6 18.dxe6 Nc6 19.Rac1 Nd8 20.c5 dxc5 21.b5 f4 22.Bxf4 Nb4 23.a3
a5 24.axb4 axb4 25.Ne4 Nxe6 26.Nxc5 {#r} 1-0

[Event "Ch Belgium (team) 2009/10"]
[Site "masterchessopen.com - Belgium"]
[Date "2010.02.07"]
[Round "8"]
[White "Alienkin Aleksander (RUS)"]
[Black "Timmermans Daniel (BEL)"]
[Result "1-0"]
[WhiteElo "2384"]
[BlackElo "1953"]

1.d4 f5 2.Nf3 Nf6 3.g3 g6 4.Bg2 Bg7 5.O-O O-O 6.c4 d6 7.Nc3 Nc6 8.d5 Na5 9.Nd2
c5 10.dxc6 Nxc6 11.Nb3 e6 12.Bf4 Ne8 13.Qd2 Ne5 14.Bxe5 Bxe5 15.f4 Bf6 16.Rad1
a6 17.c5 d5 18.Nd4 Bd7 19.b4 b6 20.Qe3 Ng7 21.Nxd5 exd5 22.Bxd5+ Kh8 23.Bxa8
Qxa8 24.cxb6 Qb7 25.Nb3 Bd8 26.Nc5 Bxb6 27.Qe7 Re8 28.Qxd7 Qe4 29.Qd4 {#r} 1-0

[Event "Liga Mazowiecka 2009/10"]
[Site "masterchessopen.com - Poland"]
[Date "2010.02.14"]
[Round "6"]
[White "Ceglowski Ryszard (POL)"]
[Black "Kaliszewski Tomasz (POL)"]
[Result "0-1"]
[WhiteElo "1877"]
[BlackElo "2074"]

1.c4 g6 2.Nc3 Bg7 3.g3 f5 4.Bg2 Nf6 5.d4 O-O 6.Nf3 d6 7.O-O Nc6 8.d5 Ne5
9.Nxe5 dxe5 10.e4 f4 11.Qc2 g5 12.b3 Nh5 13.Qd1 g4 14.Re1 Rf6 15.c5 a5 16.a4
Bd7 17.Ba3 Rh6 18.Qd3 Qe8 19.Nb5 f3 20.Bf1 Nf4 21.gxf4 Qh5 22.h3 gxh3 23.Kh2
exf4 24.d6 Qg4 25.Nd4 Qg2+ {#R} 0-1

[Event "It \"]
[Site "masterchessopen.com - Uxbridge (England)"]
[Date "2010.02.16"]
[Round "6"]
[White "Jain Radha (ENG)"]
[Black "Lock Gavin R (ENG)"]
[Result "0-1"]
[WhiteElo "1853"]
[BlackElo "2198"]

1.d4 f5 2.Nf3 Nf6 3.g3 g6 4.Bg2 Bg7 5.O-O O-O 6.c4 d6 7.Nc3 Nc6 8.Nd5 Ne4
9.Ng5 e6 10.Nxe4 fxe4 11.Nc3 d5 12.cxd5 exd5 13.e3 Be6 14.a3 Qd7 15.Qc2 Ne7
16.Bd2 Rf7 17.Rac1 b6 18.Ne2 Rc8 19.Bb4 c6 20.Nf4 Bg4 21.Qd2 g5 22.Ne2 Ng6
23.Bc3 Bh3 24.b4 Qg4 25.Bxh3 Qxh3 26.Kh1 Nh4 27.gxh4 Qf3+ 28.Kg1 gxh4 29.h3
Be5 30.Ng3 Rg7 31.dxe5 hxg3 32.fxg3 Rxg3+ {#R} 0-1

[Event "NRW-liga 2009/10"]
[Site "masterchessopen.com - Germany"]
[Date "2010.02.21"]
[Round "7"]
[White "Krings Christoph (GER)"]
[Black "Liley Uwe (GER)"]
[Result "1-0"]
[WhiteElo "2198"]
[BlackElo "1969"]

1.d4 f5 2.Nf3 Nf6 3.c4 d6 4.g3 g6 5.Bg2 Bg7 6.O-O O-O 7.Nc3 Nc6 8.b3 h6 9.Bb2
a6 10.d5 Ne5 11.Nd4 Rb8 12.Qd2 Nh5 13.f4 Ng4 14.e4 Kh7 15.Rae1 c6 16.exf5 Bxf5
17.dxc6 e5 18.Nxf5 Rxf5 19.Bf3 Qb6+ 20.Kg2 Ngf6 21.fxe5 dxe5 22.Qe3 Qxe3
23.Rxe3 bxc6 24.Bxc6 Rxf1 25.Kxf1 Ng4 26.Re2 Rf8+ 27.Kg2 Rf6 28.Bf3 Nxh2
29.Bxh5 {#r} 1-0

[Event "Ch Giessen"]
[Site "masterchessopen.com - Giessen (Germany)"]
[Date "2010.04.09"]
[Round "5"]
[White "Wenner Frank (GER)"]
[Black "Nekhamkis Genadi"]
[Result "1-0"]
[WhiteElo "2106"]
[BlackElo "1898"]

1.Nf3 f5 2.d4 Nf6 3.g3 g6 4.Bg2 Bg7 5.c4 d6 6.O-O O-O 7.Nc3 Nc6 8.d5 Ne5
9.Nxe5 dxe5 10.Qb3 h6 11.Rd1 g5 12.c5 Kh8 13.Qb4 a6 14.d6 exd6 15.cxd6 cxd6
16.Rxd6 Qe8 17.Be3 Ng4 18.Bc5 f4 19.Rad1 Qh5 20.h3 fxg3 21.fxg3 Nf6 22.Rxa6
Bxh3 23.Bxf8 Rxf8 24.Rxf6 Rxf6 25.Rd8+ Kh7 26.Be4+ Bf5 27.Nd5 Qg4 28.Nxf6+
Bxf6 29.Qb3 h5 30.Qf7+ {#r} 1-0

[Event "It (open)"]
[Site "masterchessopen.com - Thessaloniki (Greece)"]
[Date "2010.04.09"]
[Round "7"]
[White "Agayev Nidjat (AZE)"]
[Black "Papadopoulos Panayotis (GRE)"]
[Result "1-0"]
[WhiteElo "2298"]
[BlackElo "2007"]

1.Nf3 f5 2.g3 Nf6 3.Bg2 g6 4.O-O Bg7 5.d4 O-O 6.c4 d6 7.Nc3 Nc6 8.Qc2 e5
9.dxe5 Nxe5 10.Nxe5 dxe5 11.Rd1 Qe7 12.Nd5 Nxd5 13.cxd5 Qd6 14.Bd2 Bd7 15.Rac1
Rfc8 16.Qb3 Qb6 17.Bb4 Kh8 18.Qa3 Bb5 19.e3 e4 20.Ba5 Qd6 21.Bxc7 Qxa3 22.bxa3
Bb2 23.Rc5 Ba4 24.Rb1 Bxa3 25.Rc3 Bd6 26.Bxd6 {#r} 1-0

[Event "Memorial Ildeu Valadares"]
[Site "masterchessopen.com - Brasilia (Brazil)"]
[Date "2010.04.11"]
[Round "5"]
[White "Rocha Tarciso (BRA)"]
[Black "Nascimento Rodrigo (BRA)"]
[Result "1-0"]
[WhiteElo "1878"]
[BlackElo "2055"]

1.d4 f5 2.g3 Nf6 3.Bg2 g6 4.c4 Bg7 5.Nc3 O-O 6.Nf3 d6 7.O-O Nc6 8.Re1 e5 9.d5
Ne7 10.e4 f4 11.b3 fxg3 12.fxg3 Bg4 13.Qd3 Qd7 14.Rf1 h6 15.Be3 Rf7 16.c5 a6
17.Rac1 Raf8 18.cxd6 cxd6 19.Rf2 Nfxd5 20.Nxd5 {#r} 1-0

[Event "Cup Serbia (team)"]
[Site "masterchessopen.com - Kragujevac (Serbia)"]
[Date "2010.05.18"]
[Round "1"]
[White "Ostojic Nikola (SRB)"]
[Black "Milicevic Predrag (SRB)"]
[Result "1-0"]
[WhiteElo "2456"]
[BlackElo "2205"]

1.d4 d6 2.c4 f5 3.Nc3 Nf6 4.Nf3 g6 5.g3 Bg7 6.Bg2 O-O 7.O-O Nc6 8.d5 Ne5
9.Nxe5 dxe5 10.Qb3 f4 11.Bd2 g5 12.c5 Kh8 13.Rad1 Qe8 14.Nb5 Qh5 15.Nxc7 Bg4
16.f3 fxg3 17.hxg3 Rac8 18.d6 exd6 19.cxd6 e4 20.Bc3 Bh3 21.g4 Qh6 22.Ne6 exf3
23.exf3 {#r} 1-0

[Event "It \"]
[Site "masterchessopen.com - Hamburg (Germany)"]
[Date "2010.07.14"]
[Round "5"]
[White "Kopylov Mihail (UKR)"]
[Black "Welz Peter Dr (GER)"]
[Result "1-0"]
[WhiteElo "2446"]
[BlackElo "2156"]

1.d4 f5 2.g3 Nf6 3.Bg2 g6 4.Nf3 Bg7 5.O-O O-O 6.c4 d6 7.Nc3 Nc6 8.d5 Ne5
9.Nxe5 dxe5 10.Qb3 h6 11.c5 Kh8 12.Rd1 g5 13.Bd2 e4 14.Rac1 Ng4 15.Be1 a6
16.Qa3 Qe8 17.c6 b6 18.Nb5 Qh5 19.h3 axb5 20.Qxa8 Ne5 21.Qa3 Qxe2 22.Qxe7 e3
23.d6 cxd6 24.Qxd6 f4 25.gxf4 Rxf4 26.Qd8+ Rf8 27.Qxf8+ Bxf8 28.Rd8 Bxh3
29.Rxf8+ Kg7 30.Bxh3 Kxf8 31.c7 {#r} 1-0